01391cam a2200337 i 450000100090000000300040000900500170001300800410003002000290007104000300010005000170013010000320014724501120017925000190029126000410031030000440035133600260039533700280042133800270044950400510047665000280052765000280055565000370058365000400062065000400066065000380070070000540073894200540079299900190084695201880086523197838OSt20251208152152.0230623s2023 moua b 001 0 eng  a9780323796156 (hardback) aDLCbengerdacNUSTdNUST00aSF767.D6 THR1 aThrall, Donald E.,eauthor.10aAtlas of normal radiographic anatomy and anatomic variants in the dog and cat /cedited by Donald E. Thrall aThird edition. aNorth Carolina :bElsevier,c©2023. aix, 303 pages :billustrations ;c29 cm atextbtxt2rdacontent aunmediatedbn2rdamedia avolumebnc2rdacarrier aIncludes bibliographical references and index. 0aDogsxAnatomyvAtlases. 0aCatsxAnatomyvAtlases. 0aVeterinary radiographyvAtlases.12aCatsxanatomy & histologyvAtlases.12aDogsxanatomy & histologyvAtlases.22aRadiographyxveterinaryvAtlases.1 aRobertson, Ian D.q(Ian Douglas),d1958-eauthor. 2lccn0cREFeThird EditionhSF767.D6 THRkSFmTHR c172516d172516 00102LCC40708NFICaMedicalbMedicalcGENd2025-12-08eBook Aid Internationalg154.00l0oSF767.D6 THRp92004055283r2025-12-08 15:23:47t62459v154.00w2025-12-08yBOOKSzDonation